Wildwood whispers / Willa Reece.
Available copies
- 1 of 1 copy available at LARL/NWRL Consortium.
- 1 of 1 copy available at Northwest Regional Library. (Show preferred library)
Current holds
0 current holds with 1 total copy.
Show Only Available Copies
| Location | Call Number / Copy Notes | Barcode | Shelving Location | Status | Due Date |
|---|---|---|---|---|---|
| Warroad Public Library | REE (Text) | 35500006506537 | Main | Available | - |
Record details
- ISBN: 9780316591768
- ISBN: 0316591769
- Physical Description: 372 pages ; 25 cm
- Edition: First edition.
- Publisher: New York, NY : Redhook, 2021.
Content descriptions
| Summary, etc.: | "Mel Smith has always known life isn't easy. After ... Read More |
Search for related items by subject
| Subject: | Secrecy > Fiction. |
| Genre: | Paranormal fiction. Fantasy fiction. |
| LDR | 01875nam a2200313Ii 4500 | ||
|---|---|---|---|
| 001 | 374903 | ||
| 003 | LARL_NWRL_CONSORTIUM | ||
| 005 | 20210908131308.0 | ||
| 008 | 210805s2021 nyu 000 1 eng | ||
| 010 | . | ‡a2020047787 | |
| 020 | . | ‡a9780316591768 ‡q(hardcover) | |
| 020 | . | ‡a0316591769 ‡q(hardcover) | |
| 035 | . | ‡a(OCoLC)1252737476 ‡z(OCoLC)1262872563 | |
| 040 | . | ‡aDLC ‡beng ‡erda ‡cOQX ‡dOQX ‡dOCLCO ‡dGZD | |
| 082 | 0 | 0. | ‡a813/.6 ‡223 |
| 100 | 1 | . | ‡aReece, Willa, ‡eauthor. |
| 245 | 1 | 0. | ‡aWildwood whispers / ‡cWilla Reece. |
| 250 | . | ‡aFirst edition. | |
| 264 | 1. | ‡aNew York, NY : ‡bRedhook, ‡c2021. | |
| 300 | . | ‡a372 pages ; ‡c25 cm | |
| 336 | . | ‡atext ‡btxt ‡2rdacontent | |
| 337 | . | ‡aunmediated ‡bn ‡2rdamedia | |
| 338 | . | ‡avolume ‡bnc ‡2rdacarrier | |
| 520 | . | ‡a"Mel Smith has always known life isn't easy. After all, she was abandoned as an infant and raised in foster care. But still, when the only bright spot in her life, her best friend Sarah Ross, unexpectedly dies, it's a heartbreak unlike any other. A final promise to lay Sarah to rest in the Ross wildwood garden draws Mel to Morgan's Gap, a small town nestled in the shadows of the Appalachian Mountains. Yet Morgan's Gap is more than a land of morning mists and deep forest shadows. There are secrets that call to Mel, in the gaze of the gnarled and knowing woman everyone calls "Granny," who seems to have expected her; in a salvaged remedy book filled with healing tinctures and salves; in the strange connection she feels to the Ross homestead and the wilderness around it. In fulfilling her promise, Mel might end up finding home-and remain connected to Sarah-in a way she least expected. The wildwood is whispering. It has secrets to reveal-if you're willing to listen.."-- ‡cProvided by publisher. | |
| 650 | 0. | ‡aSecrecy ‡vFiction. ‡0(LARL_NWRL_CONSORTIUM)167261 | |
| 655 | 7. | ‡aParanormal fiction. ‡2lcgft | |
| 655 | 7. | ‡aFantasy fiction. ‡2gsafd | |
| 901 | . | ‡a374903 ‡b ‡c374903 ‡tbiblio | |

Add to basket
Permalink
Disable Highlighting